One life is not enough: An autobiography (Record no. 12189)

MARC details
000 -LEADER
fixed length control field 00458nam a2200169Ia 4500
008 - FIXED-LENGTH DATA ELEMENTS--GENERAL INFORMATION
fixed length control field 230917s9999||||xx |||||||||||||| ||und||
020 ## - ISBN
Price RS500
040 ## - CATALOGING SOURCE
-- 219161
Original cataloging agency VIVEKANANDA LIBRARY
041 ## - Language
-- English
082 ## - DDC NUMBER
Classification number B N219O
100 ## - MAIN ENTRY--PERSONAL NAME
Personal name Natwar Singh, K
245 #0 - TITLE STATEMENT
Title One life is not enough: An autobiography
260 ## - PUBLICATION, DISTRIBUTION, ETC. (IMPRINT)
Place of publication, distribution, etc New Delhi
Name of publisher, distributor, etc Rupa Publications
Date of publication, distribution, etc 2014
300 ## - PHYSICAL DESCRIPTION
Pages xiii, 410 p.
500 ## - GENERAL NOTE
General note 1641 03/09/2014 UBC7289 08/09/2014 Main Budget
942 ## - ADDED ENTRY ELEMENTS (KOHA)
Koha item type Books
Holdings
Withdrawn status Lost status Damaged status Not for loan Location (home branch) Sublocation or collection (holding branch) Date acquired Koha issues (times borrowed) Koha full call number Accession No. Koha date last seen Koha item type
        VIVEKANANDA LIBRARY VIVEKANANDA LIBRARY 24/09/2014   B N219O 307767 17/09/2023 Books
        VIVEKANANDA LIBRARY VIVEKANANDA LIBRARY 24/09/2014   B N219O 307768 17/09/2023 Books
© Designed and Maintained by Vivekananda Library, MDU Rohtak